Správa o malom a strednom podnikaní: kritická a podnetná

Skrátená správa o stave malého a stredného podnikania a jeho podpore v SR v 1. polroku 1995. Bariéry zákona o živnostenskom podnikaní. Štruktúra živností podľa druhu podnikania k 30.6.1995. Projekt Národnej agentúry na podporu malého a stredného podnikania - spin-off sa prijal v spolupráci s francúz...

Descripción completa

Guardado en:
Detalles Bibliográficos
Formato: Capítulo de libro
Lenguaje:eslovaco
Materias:
Etiquetas: Agregar Etiqueta
Sin Etiquetas, Sea el primero en etiquetar este registro!

MARC

LEADER 00000naa a2200000 4500
001 r019776
005 20251104124109.6
041 0 |a slo 
044 |a SK 
245 1 0 |a Správa o malom a strednom podnikaní: kritická a podnetná 
520 |a Skrátená správa o stave malého a stredného podnikania a jeho podpore v SR v 1. polroku 1995. Bariéry zákona o živnostenskom podnikaní. Štruktúra živností podľa druhu podnikania k 30.6.1995. Projekt Národnej agentúry na podporu malého a stredného podnikania - spin-off sa prijal v spolupráci s francúzskou agentúrou ANCE. 
610 2 0 |a podpora podnikania 
610 2 0 |a podnikanie obchodné 
610 2 0 |a živnosti 
610 2 0 |a Slovensko 
610 2 0 |a 1995 
610 2 0 |a NARMSP Bratislava 
610 2 0 |a spolupráca hospodárska medzinárodná 
610 2 0 |a Francúzsko